Trí nhớ suy tàn : Tiểu thuyết /
Αποθηκεύτηκε σε:
| Κύριος συγγραφέας: | |
|---|---|
| Μορφή: | Sách giấy |
| Γλώσσα: | Vietnamese |
| Έκδοση: |
Hà Nội :
Thanh niên ,
2000
|
| Ετικέτες: |
Προσθήκη ετικέτας
Δεν υπάρχουν, Καταχωρήστε ετικέτα πρώτοι!
|
| Thư viện lưu trữ: | Thư viện Trường Đại học Đà Lạt |
|---|
| LEADER | 00597nam a2200253 4500 | ||
|---|---|---|---|
| 001 | DLU020014798 | ||
| 005 | ##7/8/2000 | ||
| 020 | # | # | |a 978- |
| 041 | # | # | |a vie |
| 082 | # | # | |a TV |b NG-P |
| 090 | # | # | |a TV |b NG-P |
| 100 | # | # | |a Nguyễn Bình Phương |
| 245 | # | # | |a Trí nhớ suy tàn : |b Tiểu thuyết / |c Nguyễn Bình Phương |
| 260 | # | # | |a Hà Nội : |b Thanh niên , |c 2000 |
| 300 | # | # | |a 134 tr.; |c 19 cm. |
| 992 | # | # | |a 12000 |
| 994 | # | # | |a DLU |
| 900 | # | # | |a False |
| 911 | # | # | |a Administrator |
| 925 | # | # | |a G |
| 926 | # | # | |a A |
| 927 | # | # | |a SH |
| 980 | # | # | |a Thư viện Trường Đại học Đà Lạt |